Method in the metaphor : the ritual language of Wanukaka

Bibliographic Details
Published in:To speak in pairs, ed. by James J. Fox, Cambridge, 1988, P. 64-86 (Cambridge studies in oral and literate culture)
Main Author: Mitchell, David
Content type: Article
Published: 1988
Source:MPIPL_cat

MARC

LEADER 00000naa a2200000 u 4500
001 PL0052333
003 PLI01000000000000000052066
005 00000000000000.0
008 ||| u
100 1 |a Mitchell, David 
245 0 0 |a Method in the metaphor  |b the ritual language of Wanukaka  |c David Mitchell 
260 |c 1988 
773 0 8 |t To speak in pairs  |a ed. by James J. Fox  |d Cambridge, 1988  |g P. 64-86  |k Cambridge studies in oral and literate culture  |w MPIPL_cat.PL0052330  |z 0-521-34332-1  |i In: 
952 |j 1988  |h P. 64-86 
996 |a Aufsatz 
997 |a book chapter